| 000 | 00543nam a2200193 i 4500 | ||
|---|---|---|---|
| 001 | 47550 | ||
| 003 | ES-MaACL | ||
| 007 | t| | ||
| 008 | 030505s1916 sp ||||1| spa d | ||
| 080 | _a821.134.2-23"19" | ||
| 100 | 1 |
_aBueno, Manuel. _932381 |
|
| 245 | 1 | 3 |
_aEl umbral del drama / _cnovela en jornadas por Manuel Bueno. |
| 260 |
_aMadrid : _b[s.n.], _c1916. |
||
| 300 |
_a34 p. ; _c19 cm. |
||
| 490 | 1 |
_aLa novela corta ; _v7 |
|
| 830 | 0 |
_aLa novela corta ; _v7 _9182142 |
|
| 852 |
_aES-MaACL _jG-4947(7) _bR.132489 |
||
| 999 |
_c47550 _d47550 |
||